000 01626cam a22004454i 4500
003 PE-LiUPU
005 20250731173230.0
008 150625s r 000 0 d
035 _a(Sirsi) a34520
040 _aPE-LiUPU
_bspa
_cPE-LiUPU
_erda
082 0 4 _a261.83412
_bH21
_221
100 1 _aHancock, Maxine,
_eautor.
245 1 0 _aAma, respeta y se libre /
_cMaxine Hancock.
264 1 _aTerrassa, Barcelona
_bClíe
_cD.L. 1983
300 _a228 páginas
_c18 centímetros.
336 _atext
_2rdacontent
337 _aunmediated
_2rdamedia
338 _avolume
_2rdacarrier
526 _aSEG42
526 _aSEG41
526 _aSEG40
526 _aSEG39
526 _aP94
526 _aP87
526 _aP86
526 _aP85
526 _aP77
526 _aP76
526 _aP35
650 1 4 _aMujeres
_xVida religiosa
910 _a
942 _2ddc
_cBOOK
949 _a261.83412 H21
_wDEWEY
_c1
_i20633
_lCCODEBUL1
_mBUL
_p00.00
_r0
_sY
_tBOOK
_u2015-06-25
_xBIBLIOTECA
_zUNKNOWN
_0COMPRA
_o.STAFF. Colección General
949 _a261.83412 H21
_wDEWEY
_c2
_i18907
_lCCODEBUL1
_mBUL
_p00.00
_r0
_sY
_tBOOK
_u2015-06-25
_xBIBLIOTECA
_zUNKNOWN
_0COMPRA
_o.STAFF. Colección General
596 _a1
999 _a261.83412 H21
_wDEWEY
_c42386
_i20633
_d42386
_e2018-6-20
_f2021-11-10
_g5
_lCCODEBUL1
_mBUL
_n1
_r0
_sY
_tBOOK
_u2015-6-25
_xTEOLOGIA
_zUNKNOWN
_0COMPRA
_o.STAFF. Colección General
999 _a261.83412 H21
_wDEWEY
_c2
_i18907
_f2021-11-10
_g5
_lCCODEBUL1
_mBUL
_r0
_sY
_tBOOK
_u2015-6-25
_xTEOLOGIA
_zUNKNOWN
_0COMPRA
_o.STAFF. Colección General
980 _81
_gALBERTO SANCHEZ Responsable de Automatización